000 nam a22 7a 4500
999 _c10877
_d10877
008 180306b ||||| |||| 00| 0 eng d
100 _aSharma,J.P.etal.
_9707
245 _aScience in Life Today-IV
260 _aNew Delhi
_bPrachi
_c2016